| Tag |
First Indicator |
Second Indicator |
Subfields |
| LEADER |
00000cam a2200000 i 4500 |
| 001 |
in00003818821 |
| 005 |
20170216145634.0 |
| 008 |
100929s1979 dcuabf b f000 0 eng c |
| 035 |
|
|
|a (OCoLC)ocn666925236
|
| 040 |
|
|
|a FUG
|b eng
|e rda
|c FUG
|d OCLCF
|d OCLCQ
|d TXA
|
| 035 |
|
|
|a (OCoLC)666925236
|
| 042 |
|
|
|a pcc
|
| 043 |
|
|
|a n-us-sc
|
| 050 |
|
4 |
|a GB1399.2
|
| 086 |
0 |
|
|a FEM 1.209:450194
|
| 049 |
|
|
|a TXAM
|
| 245 |
0 |
0 |
|a Flood insurance study.
|p Town of Clover, South Carolina, York County.
|
| 246 |
3 |
0 |
|a Town of Clover, South Carolina, York County
|
| 264 |
|
1 |
|a [Washington, D.C.] :
|b Federal Emergency Management Agency, Federal Insurance Administration,
|c [1979]
|
| 300 |
|
|
|a ii, 10 pages, 2 folded leaves of plates :
|b illustrations, map ;
|c 28 cm
|
| 336 |
|
|
|a text
|b txt
|2 rdacontent
|
| 337 |
|
|
|a unmediated
|b n
|2 rdamedia
|
| 338 |
|
|
|a volume
|b nc
|2 rdacarrier
|
| 500 |
|
|
|a Cover title.
|
| 500 |
|
|
|a "November 1979."
|
| 500 |
|
|
|a "Community number - 450194."
|
| 500 |
|
|
|a "Federal Insurance Administration."
|
| 500 |
|
|
|a Location map on cover.
|
| 504 |
|
|
|a Includes bibliographical references (page 10).
|
| 650 |
|
0 |
|a Flood forecasting
|z South Carolina
|z Clover.
|
| 650 |
|
0 |
|a Flood insurance
|z South Carolina
|z Clover.
|
| 650 |
|
7 |
|a Flood insurance.
|2 fast
|0 (OCoLC)fst01715819
|
| 651 |
|
7 |
|a South Carolina
|z Clover.
|2 fast
|0 (OCoLC)fst01214678
|
| 655 |
|
7 |
|a Technical reports.
|2 lcgft
|
| 710 |
1 |
|
|a United States.
|b Federal Insurance Administration,
|e issuing body.
|
| 856 |
4 |
1 |
|z Available online at HathiTrust:
|u http://hdl.handle.net/2027/txa.ark:/81423/m3vs4x
|t 0
|
| 994 |
|
|
|a C0
|b TXA
|
| 948 |
|
|
|a cataloged
|b h
|c 2017/2/16
|d c
|e coplinger
|f 2:56:30 pm
|
| 999 |
f |
f |
|s 64adc1d9-c320-3c46-b696-fc4d4b2c6431
|i e0079ced-6b2b-37e4-a7a8-0b467153a477
|t 0
|
| 952 |
f |
f |
|a Texas A&M University
|b College Station
|c Electronic Resources
|d Available Online
|t 0
|e FEM 1.209:450194
|g Electronic
|h Superintendent of Documents classification
|
| 998 |
f |
f |
|a FEM 1.209:450194
|t 0
|l Available Online
|